000
00334nam a2200145Ia 4500
008
221030s9999 xx 000 0 und d
041
_a
English
082
_a
105.23
100
_a
V. P. Jaggi
245
0
_a
Engineering Mathematics
_c
by V. P. Jaggi , S. Mathure
260
_c
0
650
_a
B
700
_a
S. Mathure
942
_c
BK
999
_c
11633
_d
11633